000 00445nam a2200157 a 4500
001 000016109
005 20200929164258.0
008 100225s1933 dr a 000 0 spa d
040 _aDO-SdBNP
_bspa
_cBNPHU
082 _axxx
_bG216m
100 1 _aGarcía, José
_936097
245 1 0 _aManual de guardia interior /
_cJosé García.
260 _aSanto Domingo :
_bTelleres del Ejercito,
_c1933.
300 _a44 p. :
_bil. ;
_c24 cm.
049 _aBNPD
999 _c15650
_d15650